| 000 | 00415cam a2200169ua 4500 | ||
|---|---|---|---|
| 020 | _c5.00 | ||
| 041 |
_amal _h |
||
| 082 |
_a921.1 _bCHA/AD |
||
| 100 | _aChacko, P.T . | ||
| 245 |
_aAdhunika European chinthakanmar / _cP.T Chacko. _hTextual Documents |
||
| 260 |
_aMuvattupuzha : _bForward book stall , _c1963. |
||
| 300 | _a246 ; . | ||
| 365 | _a5.00 | ||
| 504 | _a | ||
| 942 | _cBK | ||
| 999 |
_c4928 _d4928 |
||